Distribučné systémy a logistika
Gespeichert in:
| 1. Verfasser: | |
|---|---|
| Körperschaft: | |
| Weitere Verfasser: | , , , , , , , |
| Format: | Buch |
| Sprache: | Slowakisch |
| Veröffentlicht: |
Bratislava
EU
1994
|
| Ausgabe: | 2. vyd. |
| Schlagworte: | |
| Tags: |
Keine Tags, Fügen Sie das erste Tag hinzu!
|
MARC
| LEADER | 00000nam a2200000 4500 | ||
|---|---|---|---|
| 001 | c005625 | ||
| 005 | 20240502071308.6 | ||
| 020 | |a 80-225-0601-X | ||
| 041 | 0 | |a slo | |
| 044 | |a SK | ||
| 245 | 1 | 0 | |a Distribučné systémy a logistika |c Kristína Viestová a kolektív |
| 250 | |a 2. vyd. | ||
| 264 | 1 | |a Bratislava |b EU |c 1994 | |
| 300 | |a 247 s. | ||
| 610 | 2 | 0 | |a logistika |
| 610 | 2 | 0 | |a distribúcia |
| 610 | 2 | 0 | |a kanály distribučné |
| 610 | 2 | 0 | |a manažment |
| 610 | 2 | 0 | |a preprava |
| 610 | 2 | 0 | |a podnik obchodný |
| 610 | 2 | 0 | |a podnik priemyselný |
| 610 | 2 | 0 | |a skladovanie |
| 610 | 2 | 0 | |a sklady |
| 610 | 2 | 0 | |a obaly |
| 610 | 2 | 0 | |a metódy distribučné |
| 610 | 2 | 0 | |a metódy simulačné |
| 610 | 2 | 0 | |a optimalizácia |
| 100 | 1 | |a Viestová, Kristína | |
| 700 | 1 | |a Sloboda, Štefan | |
| 700 | 1 | |a Čihovská, Viera | |
| 700 | 1 | |a Čimo, Jozef | |
| 700 | 1 | |a Slobodník, R. | |
| 700 | 1 | |a Labská, Helena | |
| 700 | 1 | |a Daňo, Ferdinand, 1959- | |
| 700 | 1 | |a Prachár, Juraj | |
| 700 | 1 | |a Slobodník, Bartolomej | |
| 710 | 2 | |a Ekonomická univerzita v Bratislave. Obchodná fakulta | |